000 00539nam a2200217Ia 4500
005 20260429112255.0
008 260429s9999||||xx |||||||||||||| ||und||
020 _a9781032798905
041 _aEnglish
082 _a338.5
_bAVE
100 _aAven, Terje
245 0 _aRisk science :
_ban introduction /
_cTerje Aven
250 _a2nd ed.
260 _aLondon :
_bRoutledge,
_c2025.
300 _axviii, 429 p.; pbk
650 _a Management
650 _a Risk
650 _aScience
700 _a Thekdi, Shital
942 _cTB
999 _c53253
_d53253